00751 2200289 4500001002100000005001500021035002000036007000300056008004100059020002200100082000800122084001400130100002800144245008800172250001000260260003600270300003100306650002000337700001300357520002500370990001100395990001100406990001100417990001100428990001100439990001100450INLIS00000000000214020180726030706 a0010-0718000092ta180726 g 0 ind  a978-602-391-278-0 a028 a028 NUR f0 aNUR, Puspitasari Apandi1 aFakta Unik Hewan di Sekitar Rumahmu /cNur Puspitasari Apandi; penyunting, Lathifah acet.1 aYogyakarta :bLaksa Kidz,c2016 a84 hlm. :bilus. ;c27 cm. aBUKU DAN BACAAN0 aLATHIFAH abibliografi: hlm. 84 a16470a a16470b a16470b a16470a a16470a a16470b